Score 0/22 Timer 05:00
0 Plays Today
% Correct
Type O
96.9%
mist
96.4%
bladder
96.4%
wurst
96.4%
pencils
96.1%
sun
96.1%
battery
96.1%
anti-gravity
95%
seasoned veteran
94.9%
beard
94.9%
herbivore
94.7%
% Correct
baseball
94.2%
clock
94.1%
Hebrews
93.8%
holy water
93.2%
thesaurus
93%
barium
92.9%
PMS
91%
pop quiz
90.5%
bra
90.1%
puns
86.9%
brake fluid
86.1%
Remove Ads.
Support Sporcle.
Get the best of Sporcle when you Go Orange. This ad-free experience offers more features, more stats, and more fun while also helping to support Sporcle. Thank you for becoming a member.

You're not logged in!

Compare scores with friends on all Sporcle quizzes.
OR
Log In

Show Comments

Extras

Top Quizzes Today


Score Distribution

Your Account Isn't Verified!

In order to create a playlist on Sporcle, you need to verify the email address you used during registration. Go to your Sporcle Settings to finish the process.

Report this User

Report this user for behavior that violates our Community Guidelines.

Details: